Dopady investic čerpajícich pobídky v ČR

Problematika poskytovania investičných ponúk v ČR a ich skutočné dopady na hospodárstvo českej ekonomiky.

Saved in:
Bibliographic Details
Main Author: Pícl, Michal
Format: Book Chapter
Language:Czech
Subjects:
Tags: Add Tag
No Tags, Be the first to tag this record!

MARC

LEADER 00000naa a2200000 4500
001 0183213
005 20231010070216.1
041 0 |a cze 
044 |a CZ 
245 1 0 |a Dopady investic čerpajícich pobídky v ČR  |c Michal Pícl 
520 |a Problematika poskytovania investičných ponúk v ČR a ich skutočné dopady na hospodárstvo českej ekonomiky. 
610 2 0 |a stratégia investičná 
610 2 0 |a Česko 
610 2 0 |a investície priame zahraničné 
610 2 0 |a zamestnanosť 
610 2 0 |a Vyšehradská štvorka 
610 2 0 |a Slovensko 
610 2 0 |a Poľsko 
100 1 |a Pícl, Michal